logo

Bir Sreshtho Munshi Abdur Rouf Library
Jhenaidah Cadet College

Lion of bengal: (Record no. 14010)

MARC details
000 -LEADER
fixed length control field 00673nam a2200217 a 4500
001 - CONTROL NUMBER
JCCL Control Number 14010
003 - CONTROL NUMBER IDENTIFIER
JCCL marc code BD-JhCC
005 - DATE AND TIME OF LATEST TRANSACTION
control field 20240523120910.0
008 - FIXED-LENGTH DATA ELEMENTS--GENERAL INFORMATION
fixed length control field 240118b2020 bg a|||| ||a| 000 0 eng d
020 ## - INTERNATIONAL STANDARD BOOK NUMBER
International Standard Book Number 9789849594802
035 ## - SYSTEM CONTROL NUMBER
system control number (BD-JhCC)14010
040 ## - CATALOGING SOURCE
Original cataloging agency BD-JhCC
Modifying agency BD-JhCC
041 ## - LANGUAGE CODE
Language code of Book english
082 ## - DEWEY DECIMAL CLASSIFICATION NUMBER
Classification number 954.9205
Author mark and Year WAH 2020
100 ## - MAIN ENTRY--PERSONAL NAME
Personal name Wahab,Mejor General (retd) Atm Abdul
245 ## - TITLE STATEMENT
Title Lion of bengal:
Remainder of title On birth centenary of Father of the Nation /
Statement of responsibility, etc Mejor General (retd) Atm Abdul Wahab.
260 ## - PUBLICATION, DISTRIBUTION, ETC. (IMPRINT)
Place of publication, distribution, etc Dhaka:
Name of publisher, distributor, etc Pan Pacific Venture;
Date of publication, distribution, etc 2020
300 ## - PHYSICAL DESCRIPTION
Pagination 128 p.:
Other physical details ill;
Dimensions 21cm.
650 ## - SUBJECT ADDED ENTRY--TOPICAL TERM
Topical term or geographic name as entry element Bangabandhu Sheikh Mujubur Rahman
Geographic subdivision Biography
942 ## - ADDED ENTRY ELEMENTS (KOHA)
Source of classification or shelving scheme Dewey Decimal Classification
Koha item type Books
Holdings
Source of classification or shelving scheme Damaged status Not for loan Home library Current library Shelving location Date of accession Cost, normal purchase price Total Checkouts Full call number Barcode Date last seen Copy number Method of acquisition Koha item type Currency
Dewey Decimal Classification     JCC Rouf Library JCC Rouf Library General Stacks   500.00   954.9205 WAH 2020 19536 05/23/2024 C-1 Gift/Donation Books BDT

JCC Library | Contacts | JCC Home

Last Update on 23 September 2017
Copyright @ 2017-2020 JCC Rouf Library
Rouf Library, Jhenidah Cadet College (JCC), Bangladesh